| 000 | 00576nam a2200217 a 4500 | ||
|---|---|---|---|
| 001 | BRL_741 | ||
| 005 | 20190320210857.0 | ||
| 008 | 011013s1911----au-#######---#000-0#ger-# | ||
| 041 | _ager | ||
| 044 | _aau | ||
| 050 | 4 |
_aPT2653 _b.S3 1911 |
|
| 100 | 1 |
_aSchönherr, Karl _924803 |
|
| 245 | 1 | 0 |
_aErzählungen _cvon Karl Schönherr |
| 260 |
_aWien _bÖfterreichifches Jugendrotkreus _c1911 |
||
| 300 |
_a62 p. _c15 cm. |
||
| 440 | 0 |
_aJugendrotkreuzbücher _vBand 1 _924804 |
|
| 500 | _aAu816 | ||
| 650 | 1 | 4 |
_aLiteratura Alemana _xCuento _924496 |
| 902 | _aGRL | ||
| 942 |
_2lcc _cB |
||
| 999 |
_c9553 _d9553 |
||